गाँधी दर्शन अंतिम जन (Record no. 204982)
[ view plain ]
| 000 -LEADER | |
|---|---|
| fixed length control field | 00629nam a2200121 4500 |
| 008 - FIXED-LENGTH DATA ELEMENTS--GENERAL INFORMATION | |
| fixed length control field | 240809b |||||||| |||| 00| 0 eng d |
| 022 ## - INTERNATIONAL STANDARD SERIAL NUMBER | |
| International Standard Serial Number | 2278-1633 |
| 245 ## - TITLE STATEMENT | |
| Title | गाँधी दर्शन अंतिम जन |
| Statement of responsibility, etc | जवाला प्रसाद द्वारा सम्पादित |
| 260 ## - PUBLICATION, DISTRIBUTION, ETC. (IMPRINT) | |
| Place of publication, distribution, etc | नई दिल्ली |
| Name of publisher, distributor, etc | गाँधी स्मृति एवम दर्शन समिति,राजघाट |
| Date of publication, distribution, etc | जून 2024 |
| 300 ## - PHYSICAL DESCRIPTION | |
| Extent | वर्ष 07, |
| Dimensions | 27cm |
| 700 ## - ADDED ENTRY--PERSONAL NAME | |
| Personal name | जवाला प्रसाद / |
| Relator term | द्वारा सम्पादित |
| 9 (RLIN) | 69826 |
| 942 ## - ADDED ENTRY ELEMENTS (KOHA) | |
| Source of classification or shelving scheme | Dewey Decimal Classification |
| Item type | Periodicals |
| Call number suffix | अंतिम |
| Withdrawn status | Lost status | Source of classification or shelving scheme | Damaged status | Not for loan | Collection code | Home library | Current library | Shelving location | Date acquired | Source of acquisition | Total Checkouts | Full call number | Date last seen | Price effective from | Koha item type |
|---|---|---|---|---|---|---|---|---|---|---|---|---|---|---|---|
| Dewey Decimal Classification | Not For Loan | Non-fiction | D.B.Act.Division | D.B.Act.Division | On Display | 09/08/2024 | DBAD | अंतिम | 09/08/2024 | 09/08/2024 | Periodicals |
